MANAGING ORGANIZATION DEVIANCE (Record no. 4627)

MARC details
000 -LEADER
fixed length control field 00363nam a22001457a 4500
008 - FIXED-LENGTH DATA ELEMENTS--GENERAL INFORMATION
fixed length control field 260330b |||||||| |||| 00| 0 eng d
020 ## - INTERNATIONAL STANDARD BOOK NUMBER
ISBN 0761930140
100 ## - MAIN ENTRY--AUTHOR
Author KIDWELL ROLAND E.
245 ## - TITLE STATEMENT
Title MANAGING ORGANIZATION DEVIANCE
260 ## - PUBLICATION, DISTRIBUTION, ETC. (IMPRINT)
Place of publication AMERICA
Name of publisher SAGE PUBLICATIONS
Date of publication 2005
300 ## - COLLATION
Pagination 357p.
942 ## - ADDED ENTRY ELEMENTS (KOHA)
Item type Books
050 ## - LIBRARY OF CONGRESS CALL NUMBER
Classification number HD 58.7
Item number .M36
Holdings
Source of classification or shelving scheme Not for loan Permanent location Current location Date acquired Accession No. Full call number Barcode. Koha item type
Library of Congress Classification   Samuel Ogbemudia Main Library, University of Abuja Samuel Ogbemudia Main Library, University of Abuja 03/30/2026 2008/36735 HD 58.7.M36 2026-0114 Books
Library of Congress Classification   Samuel Ogbemudia Main Library, University of Abuja Samuel Ogbemudia Main Library, University of Abuja 03/30/2026 2008/36735 HD 58.7.M36 2026-0115 Books